Sports Quiz

Random Sports or NFL Quiz

Top 5 Madden NFL 16 Player Rankings by Position Quiz Stats

 Plays Quiz not verified by Sporcle

Score 0/65 Timer 10:00
0 Plays Today
Hint Answer % Correct
(97) - QB #2Tom Brady
98.2%
(99) - QB #1Aaron Rodgers
95%
(95) - QB #3Drew Brees
81.9%
(95) - RB #2Adrian Peterson
79.3%
(99) - TE #1Rob Gronkowski
79.1%
(97) - WR #1Antonio Brown
78.3%
(95) - WR #3Calvin Johnson
77.1%
(94) - WR #5Julio Jones
75.1%
(95) - QB #4Ben Roethlisberger
73.4%
(95) - S #2Earl Thomas III
72.6%
(94) - RB #5Leveon Bell
67.4%
(94) - QB #5Andrew Luck
67.2%
(96) - RB #1Marshawn Lynch
67%
(97) - CB #1Richard Sherman
66.2%
(94) - WR #4Odell Beckham Jr
64%
(99) - DE #1JJ Watt
63.8%
(96) - OL #3Jason Peters
63.8%
(96) - WR #2Dez Bryant
61%
(91) - K #4Matt Bryant
60.4%
(97) - CB #2Darelle Revis
59.4%
(90) - MLB #5Daryl Smith
58.8%
(91) - CB #5Sean Smith
58.8%
(93) - S #5Harrison Smith
58.8%
(95) - TE #2Jimmy Graham
58.6%
(94) - RB #4Demarco Murray
58.1%
(94) - RB #3Jamaal Charles
57.5%
(95) - DT #2Gerald Mccoy
54.1%
(96) - DT #1Ndamakong Suh
52.5%
(97) - OLB #1Von Miller
52.3%
(94) - S #3Kam Chancellor
50.9%
(91) - TE #5Travis Kelce
45.9%
(96) - MLB #1Luke Kuechly
44.9%
(93) - TE #3Jason Witten
44.1%
Hint Answer % Correct
(92) - TE #4 Greg Olsen
43.5%
(93) - DT #4Kyle Williams
43.5%
(95) - CB #3Vontae Davis
42.3%
(95) - K #2Stephen Gostkowski
40.4%
(95) - K #1Justin Tucker
35.2%
(97) - OLB #2Justin Houston
33%
(95) - DE #3Michael Bennett
32%
(91) - P #5Sam Martin
31.8%
(94) - CB #4Chris Harris Jr
31%
(90) - MLB #4Clay Matthews
30%
(98) - OL #1Marshall Yanda
29%
(93) - MLB #2Navarro Bowman
29%
(92) - DT #5Aaron Donald
26%
(93) - OLB #3Terrell Suggs
25.2%
(92) - MLB #3Bobby Wagner
24.3%
(96) - S #1Eric Weddle
23.7%
(96) - DE #2Muhammad Wilkerson
21.7%
(94) - DE #5Cameron Wake
20.7%
(94) - DT #3Marcell Dareus
20.3%
(94) - K #3Dan Bailey
18.9%
(95) - P #1Pat Mcafee
16.5%
(97) - OL #2Josh Sitton
14.5%
(93) - P #2Johnny Hekker
14.3%
(94) - S #4Devin Mccourty
13.3%
(95) - OL #4Nick Mangold
13.1%
(95) - DE #4Calais Campbell
12.5%
(95) - OL #5Andrew Whitworth
10.9%
(93) - OLB #4Dont'a Hightower
10.3%
(93) - OLB #5Deandre Levy
9.7%
(91) - K #5Phil Dawson
9.7%
(92) - P #3Matt Bosher
4.8%
(91) - P #4Thomas Morstead
4%

You're not logged in!

Compare scores with friends on all Sporcle quizzes.
OR
Log In

Show Comments

Extras

Created Aug 26, 2015ReportNominate
Tags:NFL Quiz, madden, rating, Top Madden

Top Quizzes Today


Score Distribution

Your Account Isn't Verified!

In order to create a playlist on Sporcle, you need to verify the email address you used during registration. Go to your Sporcle Settings to finish the process.

Report this User

Report this user for behavior that violates our Community Guidelines.

Details: